000 00691nam a2200265Ia 4500
003 OSt
005 20221006155753.0
006 a|||||r|||| 00| 0
007 ta
008 221006b |||||||| |||| 00| 0 chi d
020 _cYu 1. 55
024 _a43,464
037 _cTextual
040 _aEASL
_cEASL
_bchi
041 _2chi
_achi
082 _aW81.41.N1, L9
100 _aChen Xuanhuai etc.
_9670335
245 0 _aXinhai Geming Qianhou
260 _aShanghai
_bShanghai Renmin Chubanshe China
_c1979
300 _a371p.
_ccm.
490 _v CL
650 _aCL
_9642733
942 _hW81.41.N1, L9
_cTEXL
_2CC
999 _c1111550
_d1111550